1000 facts about space / (Record no. 1700)

MARC details
000 -LEADER
fixed length control field 00651nam a22002177a 4500
005 - DATE AND TIME OF LATEST TRANSACTION
control field 20230918085646.0
020 ## - INTERNATIONAL STANDARD BOOK NUMBER
International Standard Book Number 9780590486811
040 ## - CATALOGING SOURCE
Original cataloging agency FISKH
Language of cataloging eng
Transcribing agency FISKH
Modifying agency FISKH
050 ## - LIBRARY OF CONGRESS CALL NUMBER
Classification number QB500.B43
082 ## - DEWEY DECIMAL CLASSIFICATION NUMBER
Classification number 520
100 ## - MAIN ENTRY--PERSONAL NAME
Personal name Beasant, Pam
245 ## - TITLE STATEMENT
Title 1000 facts about space /
Statement of responsibility, etc. Pam Beasant
260 ## - PUBLICATION, DISTRIBUTION, ETC.
Place of publication, distribution, etc. New York :
Name of publisher, distributor, etc. Scholastic,
Date of publication, distribution, etc. 2010
300 ## - PHYSICAL DESCRIPTION
Extent 47 pages :
Dimensions 28 cm
505 ## - FORMATTED CONTENTS NOTE
Formatted contents note Q
520 ## - SUMMARY, ETC.
Summary, etc. Text and illustrations present information about such space-related topics as gallaxies, stars, the planets, moon landings, and modern astronomy.
521 ## - TARGET AUDIENCE NOTE
Target audience note 870 <br/>
Source Lexile IG
521 ## - TARGET AUDIENCE NOTE
Target audience note Q <br/>
Source Raz-Plus
942 ## - ADDED ENTRY ELEMENTS (KOHA)
Source of classification or shelving scheme Dewey Decimal Classification
Koha item type Books
Suppress in OPAC No
999 ## -
-- 1700
-- 1700
Holdings
Withdrawn status Lost status Source of classification or shelving scheme Damaged status Not for loan Collection Home library Current library Shelving location Date acquired Total Checkouts Full call number Barcode Date last seen Copy number Price effective from Koha item type
    Library of Congress Classification     Non-Fiction Footprints International School Library Network Toul Kork Campus Footprints International School Library Network Toul Kork Campus   09/18/2023   BEA 520 QB500.B43 FISTK05000 09/18/2023 1 09/18/2023 Books
    Library of Congress Classification     Non-Fiction Footprints International School Library Network Toul Kork Campus Footprints International School Library Network Toul Kork Campus TTP Secondary Non-Fiction Bookshelves 09/18/2023   BEA 520 QB500.B43 FIS05000 10/25/2024 2 09/18/2023 Books
    Library of Congress Classification     Non-Fiction Footprints International School Library Network Toul Kork Campus Footprints International School Library Network Toul Kork Campus TTP Secondary Non-Fiction Bookshelves 09/18/2023   BEA 520 QB500.B43 FISSE01286 12/13/2024 3 09/18/2023 Books